| 000 | 01030nam a22002537a 4500 | ||
|---|---|---|---|
| 999 |
_c8651 _d8651 |
||
| 003 | AR-CdUCM | ||
| 008 | 190325b ||||| |||| 00| 0 spa d | ||
| 020 | _a978-612-4045-42-4 | ||
| 040 |
_aMUNICIPALIDAD PROVINCIAL DEL CUSCO _cBIBLIOTECA MUNICIPAL DEL CUSCO |
||
| 082 |
_a086.985 / _bH83 |
||
| 100 |
_aHuamán Poma de Ayala, Felipe _924184 |
||
| 245 | _aNueva crónica y buen gobierno / | ||
| 260 |
_aLima : _bMinisterio de Relaciones Exteriores del Perú, _c2017. |
||
| 300 |
_a3 tomos , _bImágenes, _c22 cm. |
||
| 440 |
_aColección Bicentenario _924185 |
||
| 505 | _aContenido: T.1: Transcripción paleográfica del texto original - Indice alfabético -- T.2: Texto modernizado - Abreviaturas en las notas -- T.3: Imágenes de crónicas. | ||
| 650 |
_aÉpoca Prehispánica. _92714 |
||
| 650 |
_aDescubrimiento y Conquista, 1522-1536 _919348 |
||
| 650 |
_aCrónicas. _944045 |
||
| 650 |
_aGuerras Civiles, 1537-1555 _97381 |
||
| 700 |
_aAranibar, Carlos (edicion y notas) _924186 |
||
| 942 |
_2ddc _cLIBROS |
||
| 945 | _adavv | ||